Vector mechanics for engineers (Record no. 4856)

000 -LEADER
fixed length control field 00594nam a2200217 a 4500
001 - CONTROL NUMBER
control field 4856
003 - CONTROL NUMBER IDENTIFIER
control field BD-DhUET
008 - FIXED-LENGTH DATA ELEMENTS--GENERAL INFORMATION
fixed length control field 840307s1984 nyua 001 0 eng
020 ## - INTERNATIONAL STANDARD BOOK NUMBER
International Standard Book Number 0070044384
040 ## - CATALOGING SOURCE
Original cataloging agency DLC
Transcribing agency DLC
Modifying agency BD-DhUET
082 00 - DEWEY DECIMAL CLASSIFICATION NUMBER
Classification number 620.1
Item number BEE/1984
100 ## - MAIN ENTRY--PERSONAL NAME
Personal name Beer, Ferdinand P.
245 10 - TITLE STATEMENT
Title Vector mechanics for engineers
Remainder of title statics and dynamics
250 ## - EDITION STATEMENT
Edition statement 4th ed.
260 ## - PUBLICATION, DISTRIBUTION, ETC. (IMPRINT)
Place of publication, distribution, etc. New York
Name of publisher, distributor, etc. McGraw-Hill
Date of publication, distribution, etc. 1984
300 ## - PHYSICAL DESCRIPTION
Extent xxi, 926 p.
Other physical details ill.
Dimensions 24 cm.
504 ## - BIBLIOGRAPHY, ETC. NOTE
Bibliography, etc Includes bibliographies
650 #0 - SUBJECT ADDED ENTRY--TOPICAL TERM
Topical term or geographic name as entry element Engineering instruments
700 1# - ADDED ENTRY--PERSONAL NAME
Personal name Johnston, E. Russell
942 ## - ADDED ENTRY ELEMENTS (KOHA)
Koha item type General Book
Holdings
Piece designation (barcode) Koha full call number Source of classification or shelving scheme Lost status Location (home branch) Koha date last borrowed Koha item type Not for loan Copy number Sublocation or collection (holding branch) Koha issues (times borrowed) Date acquired Shelving location Koha date last seen Koha normalized classification for sorting Price effective from Damaged status Withdrawn status
66051620.1/BEE/1984  Central Library, BUET General Book 1Central Library, BUET 2014-11-23Circulation section2015-12-08620_100000000000000_BEE_19842014-11-23  
66042620.1/BEE/1984  Central Library, BUET2022-06-12General Book 1Central Library, BUET22014-11-24Circulation section2022-06-20620_000000000000000_1BEE19842014-11-24  
66086620.1/BEE/1984  Central Library, BUET2023-01-10General Book 1Central Library, BUET42014-11-29Circulation section2023-06-07620_100000000000000_BEE_19842014-11-29  
66044620.1 /BEE/1984  Central Library, BUET2025-04-30General Book 49Central Library, BUET12014-12-11Circulation section2025-05-28620_100000000000000_BEE_19842014-12-11  
66012620.1/BEE/1984  Central Library, BUET General Book 1Central Library, BUET 2014-12-11Circulation section2015-02-23620_100000000000000_BEE_19842014-12-11  
66043620.1/BEE/1984  Central Library, BUET General Book 6Central Library, BUET 2015-01-19Circulation section2015-12-22620_100000000000000_BEE_19842015-01-19  
81336620.1/BEE/1984  Central Library, BUET2022-11-21General Book 7Central Library, BUET12015-02-16Circulation section2022-12-13620_100000000000000_BEE_19842015-02-16  
66048620.1/BEE/1984  Central Library, BUET2018-04-18General Book 1Central Library, BUET12015-04-01Circulation section2018-04-30620_100000000000000_BEE_19842015-04-01  
66015620.1/BEE/1984  Central Library, BUET Reading Item 9Central Library, BUET 2015-06-21Reading section2015-06-21620_100000000000000_BEE_19842015-06-21  
66014620.1/BEE/1984  Central Library, BUET General Book 10Central Library, BUET 2015-06-22Reading section2015-06-22620_100000000000000_BEE_19842015-06-22  
66013620.1/BEE/1984  Central Library, BUET General Book 11Central Library, BUET 2015-06-22Reading section2015-06-22620_100000000000000_BEE_19842015-06-22  
66095620.01/BEE/1984  Central Library, BUET Reading Item 12Central Library, BUET 2015-06-29Reading section2015-06-29620_010000000000000_BEE_19842015-06-29  
75502620.1/BEE/1984  Central Library, BUET General Book 13Central Library, BUET 2015-07-28Circulation section2015-07-28620_100000000000000_BEE_19842015-07-28